[Event "Høstturneringen 2017"]
[Site "Ås, Akershus NOR"]
[Date "2017.10.12"]
[Round "5"]
[White "Lange, Magnus Øyvind"]
[Black "Kielland-Lund, Jon"]
[Result "0-1"]
[WhiteElo "911"]
[BlackElo "1502"]
[Annotator "Lea, Per"]
[PlyCount "74"]
[EventDate "2017.08.31"]

1. e4 c6 2. d4 d5 3. exd5 cxd5 4. Nc3 {En litt sjelden variant, som ikke
setter svart på de helt store prøvene.} ({De desidert mest spilte variantene er
} 4. c4) ({og} 4. Bd3) 4... Nc6 5. Nf3 Bg4 6. Bb5 Rc8 7. h3 Bh5 {Nå får hvit
et visst initiativ} ({Etter} 7... Bxf3 8. Qxf3 e6 {bør ikke svart ha noen
problemer, selv om hvit har løperparet.}) 8. g4 Bg6 9. Ne5 e6 10. Bf4 (10. Qe2
{kunne vært et bra alternativ}) 10... Nge7 11. Nxc6 {Ingen grunn til å bytte
før det var nødvendig} (11. h4 f6 12. Nxc6 Nxc6 13. h5 Bf7 {er bedre enn
avbyttet med en gang, selv om svart kanskje står ørlite grann bedre her}) 11...
bxc6 $2 (11... Nxc6 {er klart fordelaktig for svart}) 12. Ba6 {Løperparet
fanger tårnet! Svarts eneste sjanse er å spille på motangrep - hvilket han gjør
} Qb6 13. Bxc8 Qxb2 14. Na4 Qxc2 15. Bxe6 $4 (15. Qxc2 Bxc2 16. Ba6 Bxa4 {og
hvit står klart best}) 15... Qe4+ {med dødelig virkning} 16. Be3 {Det minste
av mange onder} Qxh1+ {Resten er krampetrekninger} 17. Ke2 Qxd1+ 18. Kxd1 fxe6
19. Nc5 Kf7 20. Kd2 h5 21. g5 Nf5 22. Nd7 Bd6 23. Rc1 Nxe3 24. fxe3 Ke7 25. Nc5
Bxc5 26. Rxc5 Kd6 27. Ra5 Ra8 28. Ra3 a6 29. Rb3 Kc7 30. Kc3 Be4 31. Kb4 Rb8+
32. Ka5 Rxb3 33. axb3 Bd3 34. h4 Be2 35. Kb4 Kb6 36. Kc3 Kb5 37. b4 Bc4 0-1

[Event "Høstturneringen 2017"]
[Site "Ås, Akershus NOR"]
[Date "2017.10.12"]
[Round "5"]
[White "Lea, Per"]
[Black "Moberg, Jan Rune"]
[Result "1-0"]
[WhiteElo "1470"]
[BlackElo "1520"]
[Annotator "Lea, Per"]
[PlyCount "71"]
[EventDate "2017.08.31"]

1. e4 d6 2. d4 Nf6 3. Nc3 c6 {Dette har svart spilt hundrevis av ganger, og
med god score.} 4. Nf3 Nbd7 5. Bc4 {I noen varianter kan det dukke opp et
skinnoffer på f7, men dessverre for hvit, ikke her.} h6 {Muligens en TN, men
Stockfish er i så fall ikke overbegeistret Et viktig poeng er at ovennevnte
skinnoffer på f7 nå er ufarliggjort. Spørsmålet er om det er verdt tempotapet.}
6. Be3 (6. e5 {beholder et visst initiativ}) 6... e5 {...men nå er det i
stedet svart som får et for hvit ekkelt sentrum} 7. O-O Qc7 8. a4 a5 9. Qd2 $2
Be7 ({Hvit hadde undervurdert} 9... Ng4 10. h3 Nxe3 11. fxe3 Be7 12. Bxf7+ Kxf7
13. Nxe5+ Kg8 14. Ng6 Nf8 (14... Rh7 $4 15. Nxe7+) 15. Nxh8 Kxh8 {og svarts
løperpar er trolig sterkere enn hvits tårn og 2 bønder. Men teksttrekket er et
mer naturlig utviklingstrekk for oss gemene klubbspillere.}) 10. h3 Nf8 11.
Rad1 g5 12. Nh2 Ng6 13. Qe2 Nf4 14. Bxf4 ({Stockfish påstår at hvits eneste
mulighet til å beholde en ørliten fordel er} 14. Qe1 {men det trekket frister
ikke noe særlig}) 14... gxf4 15. d5 Rg8 {Nå er det svart som overtar
initiativet, og hvit gremmet seg over kaffekoppen og fikk tankene hen på
Lea-Midtgard i runde 1, hvor svart kunne fått begge tårnene i de halvåpne g-
og h-linjene med dødelig angrep, men lot sjansen gå fra seg.} 16. Kh1 Rg5 17.
dxc6 bxc6 18. Rd3 Rh5 {Det er mulig tårnet burde holdt seg i g-linja} 19. Rfd1
Be6 {Gir fra seg den lille fordelen, men det er ikke så lett å få Ta8 i spill.
Helst skulle det ha kommet seg til g8, og det raskt.} 20. Bxe6 fxe6 21. Ng4
Nxg4 $4 {Sannsynligvis tapstrekket} (21... Nd7 {holder stillingen i balanse}
22. Ne3 Nf6 23. Ng4) 22. Qxg4 Rg5 23. Qxe6 Qd7 24. Rxd6 {Lett å overse!} Qxe6
25. Rxe6 Kf7 26. Rxc6 {Plutselig er hvit 3 bønder foran, men det tar litt tid
å sjekke at angrepet mot g2 lar seg gardere} Rag8 27. Rg1 h5 28. Nd5 Bd8 29. c3
h4 30. b4 axb4 31. cxb4 f3 32. Ne3 Ke8 33. b5 Ba5 34. Rc8+ Kd7 35. Rxg8 Rxg8
36. gxf3 {Alle svarts angrepssjanser er forsvunnet, og hvit kan gå til angrep
på de svake svarte bøndene.} 1-0

[Event "Høstturneringen 2017"]
[Site "Ås, Akershus NOR"]
[Date "2017.10.12"]
[Round "5"]
[White "Simonsen, Steinar"]
[Black "Thowsen, Alf Geir"]
[Result "0-1"]
[WhiteElo "1208"]
[BlackElo "1185"]
[Annotator "Lea, Per"]
[PlyCount "106"]
[EventDate "2017.08.31"]

1. e4 e6 2. d4 d5 3. exd5 {En utmerket variant hvis hvit vil unngå
komplikasjoner} exd5 4. Nc3 (4. Nf3 {og}) (4. Bd3 {er de andre alternativene -
og kanskje mer logiske: det går fortere å få rokert i disse variantene}) 4...
Nf6 5. Nf3 Nc6 6. Bg5 Be7 7. Bb5 O-O 8. O-O a6 9. Bxc6 bxc6 10. Re1 Bb7 11. Qd3
h6 12. Bh4 Re8 13. h3 Qd6 14. Bg3 Qd8 15. Re3 (15. Re5 Nd7 16. Re3 c5 17. Rae1
{er bedre for hvit når springeren står på d7 enn på f6}) 15... c5 16. Rae1 cxd4
17. Nxd4 c5 18. Nf5 Bf8 19. Rxe8 Nxe8 20. Qe2 Nf6 21. Bh4 $2 (21. Ne7+ Bxe7 22.
Qxe7 Qb6 23. Qc7 Qxc7 24. Bxc7 Rc8 25. Ba5 {med lik stilling}) 21... g5 22. Bg3
d4 23. Na4 Qd5 24. Qf3 Qxf3 25. gxf3 Bxf3 26. Re5 Re8 27. Rxe8 Nxe8 28. Nb6 Be4
{En original springerfangst} 29. Nxd4 cxd4 30. Be5 Bg7 31. Nd7 Bxe5 32. Nxe5
Bxc2 33. Kf1 Bf5 34. h4 gxh4 35. Nf3 d3 36. Nxh4 d2 $4 {"Svarte fribønder går
fortest", men her stemmer det ikke helt...} (36... Be6 {er helt greit}) 37. Ke2
Be4 38. Kxd2 Nd6 39. Ke3 Kg7 40. Kd4 Kf6 41. f3 Bb1 42. a3 Nf5+ 43. Nxf5 Kxf5
44. Ke3 h5 45. Kf2 Kf4 46. Kg2 Ba2 47. Kh3 Kxf3 48. Kh4 Ke3 49. Kxh5 Kd3 50.
Kg5 Kc2 51. Kf6 Kxb2 52. a4 Ka3 53. Ke5 Kxa4 0-1

[Event "Høstturneringen 2017"]
[Site "Ås, Akershus NOR"]
[Date "2017.10.26"]
[Round "5"]
[White "Bakken, Svein-Erik"]
[Black "Bø, Martin"]
[Result "0-1"]
[WhiteElo "1363"]
[BlackElo "1471"]
[Annotator "Lea, Per"]
[PlyCount "52"]
[EventDate "2017.08.31"]

1. d4 Nf6 2. c4 e6 3. Nc3 Bb4 4. Bg5 (4. Qc2) ({og} 4. e3 {er oftere spilt,
men teksttrekket er jo et naturlig utviklingstrekk}) 4... c5 5. a3 ({Igjen et
naturlig trekk, men både Stockfish og ChessBase foretrekker trekk som:} 5. Qb3)
(5. Nf3) (5. Rc1) (5. d5) 5... Bxc3+ 6. bxc3 Qa5 7. Bd2 Ne4 8. Qc2 ({Hvit kan
trygt spille} 8. e3 {uten å frykte slag på c3:} Nxc3 $4 9. Qc2 {og springeren
er fortapt}) 8... Nxd2 9. Qxd2 Nc6 10. Nf3 O-O 11. e3 ({Her kunne hvit
utnyttet muligheten til å spille} 11. d5 Ne7 12. e4 d6 13. Bd3 {med temmelig
lik stilling}) 11... d6 12. Be2 e5 {Svart er i ferd med å opparbeide seg en
ørliten fordel, men det kan fort tippe den andre veien også. Hvit er nok
fremdeles på riktig side av remisgrensen.} 13. d5 Ne7 14. e4 (14. O-O e4 15.
Ng5 f5 16. Rab1 {bør være helt greit for hvit}) 14... f5 15. exf5 Bxf5 16. O-O
Ng6 17. Qb2 $2 {Å true en skarve b-bonde er ikke noe for voksne mannfolk.
Heldigvis for hvit lar svart være å ta initiativet umiddelbart.} (17. g3 {er
kanskje ikke så vakkert, men må innse at han må forsvare seg.}) (17. Rfe1) ({og
} 17. Ng5 {er andre alternativer.}) 17... Qc7 18. a4 Nf4 19. Rfd1 Qf7 20. Bf1
Nh3+ ({Artig sett, men Stockfish påstår at dette er enda bedre:} 20... e4 21.
Nd2 Bg6 22. Kh1 Rae8) 21. gxh3 Qg6+ 22. Kh1 $4 (22. Bg2 Bxh3 23. Ne1 {og det
er ikke opplagt at svart har kompensasjon for springerofferet.}) 22... Be4 $1
23. Bg2 Rxf3 24. Qe2 Raf8 25. Re1 Bd3 26. Qb2 $2 ({Hvit kunne ha prøvd} 26.
Qxf3 Rxf3 27. Bxf3 Qf7 28. Kg2 Bxc4 {selv om de svake hvite bøndene raskt
forsvinner fra brettet}) 26... Rxf2 {Hvit må gi dronning for tårn og blir matt
i høyst 6 trekk. Han tok derfor til fornuften og ga opp.} 0-1

[Event "Høstturneringen 2017"]
[Site "Ås, Akershus NOR"]
[Date "2017.10.19"]
[Round "6"]
[White "Furnes, Torstein"]
[Black "Lea, Per"]
[Result "1/2-1/2"]
[WhiteElo "1583"]
[BlackElo "1470"]
[Annotator "Lea, Per"]
[PlyCount "48"]
[EventDate "2017.08.31"]

1. d4 d5 2. c4 e6 3. Nc3 Nf6 4. Bg5 Be7 5. e3 c6 6. Nf3 O-O 7. Rc1 Nbd7 8. Bd3
dxc4 9. Bxc4 Nd5 10. Bxe7 Qxe7 11. O-O Nxc3 12. Rxc3 e5 13. dxe5 Nxe5 14. Nxe5
Qxe5 15. f4 Qf6 {Her sto klokkene på 1:34 og 1:36, hvit hadde altså tjent opp
4 minutter; svart 6 minutter.} 16. e4 Be6 ({Vårt forrige møte 
(Klubbmesterskapet 2017) fortsatte} 16... Rd8 17. Qe2 Be6 18. e5 Bxc4 19. Rxc4
Qf5 20. Rd1 Rd7 21. Rcd4 Rad8 22. Rxd7 Rxd7 23. Rxd7 Qxd7 {og spillerne ble
enige om remis. Svart hadde planlagt å følge dette partiet, men stokket
variantene feil!}) 17. e5 Qe7 18. Bxe6 (18. Qd6 Rfe8 19. Qxe7 Rxe7 20. Bxe6
Rxe6 21. Rd3 Re7 22. Rd6 Kf8 23. Rf3 {og hvit har et visst initiativ}) 18...
Qxe6 19. a3 Rad8 20. Rd3 Rd5 21. Rf2 ({Etter} 21. Rxd5 cxd5 ({Svart får enda
større problemer etter} 21... Qxd5 22. Qxd5 cxd5 23. Rd1 Rd8 24. Kf2 f6 25. e6)
22. Qd4 b6 23. Rd1 Rd8 {har svart en ekkel forsvarsjobb foran seg. Det er
mulig hvit vil ha problemer med å vinne den isolerte d-bonden, men svart er
dømt til evig passivitet.}) 21... Rfd8 22. Rfd2 Rxd3 23. Rxd3 Rxd3 24. Qxd3 {
Bøndene og kongene står på nøyaktig samme sted som i partiet fra
klubbmesterskapet; den gangen sto hvits dronning på e2 og svarts på d7. At
svart hadde kontroll over d-linja i det partiet mens hvit har det her, er
sannsynligvis uten betydning.} g6 {med remistilbud, som hvit aksepterte etter
5 minutters betenkning. Det er vanskelig å se hvordan noen av partene skal
komme videre.} 1/2-1/2

[Event "Høstturneringen 2017"]
[Site "Ås, Akershus NOR"]
[Date "2017.10.19"]
[Round "6"]
[White "Midtgard, Anders"]
[Black "Johnson, David"]
[Result "0-1"]
[WhiteElo "1185"]
[BlackElo "1452"]
[Annotator "Lea, Per"]
[PlyCount "74"]
[EventDate "2017.08.31"]

1. d4 f5 2. Bg5 Nf6 3. Bxf6 exf6 4. e3 Bb4+ {Å gi en løpersjakk på b4 (eller
b5) når motstanderen kan dekke den med c3 (c6) er neppe godt.} (4... d5 5. Nc3
(5. c4 Bb4+ 6. Nc3 {kan være et interessant alternativ}) 5... Be6 6. Bd3 Nc6 {
regnes som hovedvarianten}) 5. c3 Be7 6. Bd3 (6. c4 Bb4+ 7. Nc3 {Også her
kunne dette vært prøvd}) 6... g6 7. h4 h5 8. Ne2 Bd6 {Sjeldent noe pent trekk.
Nå blir det problem med å få utviklet Lc8 (selv om noen påstår at "det er
ingen vits å utvikle den løperen. Den er allerde utviklet på c8!"} 9. e4 {
Hvorfor la svart kvitte seg med dobbeltbonden?} (9. c4) (9. Nd2) (9. O-O {er
gode alternativer}) 9... fxe4 10. Bxe4 f5 11. Bd5 Qe7 12. Nd2 c6 13. Bb3 Bc7
14. Nf3 d5 15. Qd2 Be6 {Endelig!} 16. O-O-O Nd7 17. Nf4 Nf8 (17... Bxf4 18.
Qxf4 O-O-O 19. Rhe1 Rhe8 {er det minste av flere onder}) 18. Rde1 O-O-O 19.
Nxe6 Nxe6 20. g3 $2 (20. Ng5 $1 Rd6 (20... Bf4 $4 21. Qxf4 $1 Nxf4 22. Rxe7 {
gir løper over for hvit}) 21. c4 Qd7 22. c5 Nxg5 23. cxd6 Ne4 24. Rxe4 fxe4 25.
dxc7 {er vinst for hvit, bare han får aktivisert løperen. Her hadde hvit
begynnende tidsnød, og det er nok det som forklarer noen av de svake trekkene
på slutten.}) 20... Qf6 {Svart har nesten utliknet.. .} 21. Ng5 (21. Re2 {med
ideen tårndobling i e-linja ser mer naturlig ut. Hvit har visse problemer med
å få aktivisert Lb3}) 21... Nxg5 22. hxg5 Qf7 23. f4 Rhe8 24. Bc2 Qf8 25. Rxe8
Rxe8 26. g4 $4 {Her må det være tidsnøden som spilte hvit et puss} ({Etter} 26.
Kd1 Kd7 {er det vanskelig å se hvordan noen skal komme seg videre. De
ulikefargede løperne er like passive.}) 26... hxg4 27. Rh6 Qf7 28. Qh2 Qe6 29.
Rh7 Qe3+ 30. Qd2 Bxf4 31. Qxe3 Rxe3 32. Bxf5+ {Desperasjon, men hvit har ikke
fornuftige alternativer. Etter at bonden på g5 faller, kan ikke hvit stå imot
de fremadstormende svarte bøndene, ulikefargedeløpere til tross.} gxf5 33. g6
Re6+ 34. Kc2 Rxg6 35. Rh8+ Kc7 36. Rh1 g3 37. Kd3 g2 0-1

[Event "Høstturneringen 2017"]
[Site "Ås, Akershus NOR"]
[Date "2017.10.19"]
[Round "6"]
[White "Rønbeck, Bjørn"]
[Black "Bakken, Svein-Erik"]
[Result "1-0"]
[WhiteElo "1130"]
[BlackElo "1363"]
[Annotator "Lea, Per"]
[PlyCount "81"]
[EventDate "2017.08.31"]

1. e4 c5 2. c3 Nc6 3. d4 cxd4 4. cxd4 d5 5. e5 ({Vanligere er:} 5. exd5 Qxd5 6.
Nf3 Bg4 7. Be2 ({eller} 7. Nc3 Bxf3 8. Nxd5 Bxd1 9. Nc7+ {- i begge tilfeller
med en ørliten fordel for hvit})) 5... Bf5 6. Bb5 e6 7. a3 {Tempotap} (7. Bxc6+
bxc6 8. Ne2 $11) 7... Nge7 8. Bg5 Qb6 9. Bxc6+ $2 (9. Nc3 a6 10. Ba4 Qxb2 11.
Nge2 {koster riktig nok en bonde, men er å foretrekke}) 9... Nxc6 {Stockfish
vurderer denne stillingen som klar fordel for hvit} 10. Ne2 Qxb2 11. Nbc3 a6 (
11... Bc2 12. Qc1 Qxc1+ 13. Rxc1 Bd3 14. Rd1 Bc4 15. Ra1 b5 {er enda bedre})
12. O-O Be7 (12... Qc2 13. Qe1 h6 14. Be3 {og svarts brikker er mer aktive})
13. Ra2 Qb6 14. Bc1 O-O 15. Na4 Qc7 16. Ng3 Bg6 17. Nc3 Na5 18. Nce2 Rac8 (
18... Qc4 19. Qd2 Rfc8 20. Qb2 Qa4 {med klar fordel for svart: hvits brikker
står unaturlig plassert}) 19. Nf4 Bc2 20. Qg4 Bg6 $4 {Gir bort hele fordelen} (
20... Qc4 21. Rxc2 Qxc2 22. Nxd5 Nc6 (22... exd5 $2 23. Nf5 Qxf5 24. Qxf5 Nc6 {
Svart har tårn og springer for dronning, men det er ikke nok}) 23. Nxe7+ Nxe7 {
med klar fordel for svart}) 21. h4 {... men får tilbake mesteparten} h6 $2 {...
og gir fra seg alt...} (21... Qc4 22. Nxg6 hxg6 23. Re2 Nc6 {er best for svart}
) 22. Nxg6 fxg6 23. Qxg6 (23. Qxe6+ {beholder fordelen. Etter teksttrekket
utlikner svart.}) 23... Bxh4 24. Qxe6+ Qf7 25. Qg4 Bxg3 26. Qxg3 Qe6 27. f3 Rc4
28. Be3 b5 29. Kf2 Qf5 $2 (29... Kh7 {og her er det vanskelig å se hvordan
hvit skal kunne få i stand noe angrep}) 30. Bxh6 Rf7 (30... Qh7 {tvinger
løperen til å trekke seg tilbake og unngår offer på g7 som kunne ha kommet
seinere i partiet}) 31. Re1 Rxd4 $2 (31... Nc6 $11) 32. e6 {Nå vinner hvit i
alle varianter} Re7 33. Re5 $2 ({Mer overbevisende er} 33. Bxg7 Rxg7 34. e7
Rxg3 35. e8=Q+ Qf8 36. Kxg3 {og svart er sjanseløs}) 33... Qb1 34. Rae2 Rd1 35.
Qg5 $2 {Ikke så godt som det ser ut til} Rf1+ (35... Nc6 36. Re1 Qc2+ 37. R5e2
Qc5+ 38. Kg3 Rxe1 39. Rxe1 Qd6+ 40. Kf2 Qc5+ 41. Kg3 $11) 36. Kg3 Rh1 $4 (36...
Nc6 $1 37. Rxd5 Re1 $11) 37. Qxe7 Rxh6 38. Qf7+ Kh8 39. Rh5 Qd3 40. Rxh6+ gxh6
41. e7 1-0

[Event "Høstturneringen 2017"]
[Site "Ås, Akershus NOR"]
[Date "2017.10.19"]
[Round "6"]
[White "Kielland-Lund, Jon"]
[Black "Samset, Jon"]
[Result "1-0"]
[WhiteElo "1502"]
[BlackElo "1103"]
[Annotator "Lea, Per"]
[PlyCount "57"]
[EventDate "2017.08.31"]

1. c4 g6 2. d4 Bg7 3. Nc3 Nf6 4. e4 d6 5. Nf3 O-O {Dermed er spillerne etter
trekkomkastning kommet inn i vanlig kongeindisk, en åpning som hvit nok har
langt større erfaring med enn svart.} 6. Be2 b6 ({Vanligst er} 6... e5 7. O-O (
7. d5 {er også mye spilt}) (7. dxe5 dxe5 8. Qxd8 Rxd8 9. Bg5 $1 {
Skrekkfortsettelsen fra Jon Kielland-Lund - Per Lea fra runde 3 var:} (9. Nxe5
{vinner ikke noen bonde:} Nxe4 10. Nxe4 Bxe5) 9... Nbd7 $2 10. O-O-O h6 $4 11.
Bxf6 Bxf6 12. Nd5 Bg7 13. Nxc7 {og resten var "barneskirenn"})) 7. O-O Bb7 8.
d5 Nbd7 9. Nd4 a6 10. Be3 Nc5 11. f3 Re8 ({Etter} 11... e5 {kan svart fortsatt
kjempe. Etter teksttrekket blir det verre.}) 12. b4 e5 13. Nb3 (13. Nc6 Bxc6
14. bxc5 Bd7 15. cxb6 cxb6 16. Rb1 Rb8 17. Rb3 Qc7 18. Qb1 {og hvit har press
i b-linja}) 13... Nxb3 14. axb3 Nd7 15. Na4 Rf8 16. c5 dxc5 17. bxc5 bxc5 18.
Nxc5 Nxc5 19. Bxc5 Re8 20. Qd2 Qh4 21. Rac1 Bh6 22. Be3 Bf4 (22... Bxe3+ 23.
Qxe3 Qd8 {er litt bedre, men svart sliter}) 23. Bxf4 exf4 24. Rxc7 Rab8 25. Qd4
Qg5 26. Bc4 Re5 27. d6 Qh5 {Svart kunne ikke forsvare feltet f7 uten å miste
materiell} 28. Rxf7 Kh8 29. Re7 1-0

[Event "Høstturneringen 2017"]
[Site "Ås, Akershus NOR"]
[Date "2017.10.19"]
[Round "6"]
[White "Moberg, Jan Rune"]
[Black "Lange, Magnus Øyvind"]
[Result "1-0"]
[WhiteElo "1520"]
[BlackElo "911"]
[Annotator "Lea, Per"]
[PlyCount "47"]
[EventDate "2017.08.31"]

1. e4 e5 2. f4 d6 {Spillbart, men det beste er sannsynligvis å ta i mot
bondeofferet.} 3. Bc4 Nf6 4. Nc3 Bg4 (4... Nxe4 5. Nxe4 (5. Bxf7+ Kxf7 6. Nxe4
d5 7. Nc3 (7. Ng5+ Kg8 8. d3 Nc6 {og svart står litt bedre}) 7... exf4 8. d4
$11 (8. Qh5+ g6 9. Qxd5+ Qxd5 10. Nxd5 Bd6 {er helt greit for svart})) 5... d5
6. Nf3 exf4 (6... dxc4 7. Nxe5 Qh4+ 8. g3 Qe7 $11) 7. Qe2 Be7 $11) 5. Nf3 Nc6
6. Bb5 Qd7 7. O-O a6 8. Be2 b5 ({Både} 8... h5) ({og} 8... O-O-O {utlikner}) 9.
d3 g6 10. Nd5 Nxd5 11. exd5 Ne7 12. fxe5 dxe5 $4 (12... Nxd5 {minimerer skaden.
etter teksttrekket er det game - set og match}) 13. Nxe5 Bxe2 14. Qxe2 Qxd5 15.
Nxf7 Rg8 16. Bg5 Rg7 17. Ne5 O-O-O 18. c4 Qc5+ 19. Kh1 Re8 20. Qg4+ (20. d4
Qxd4 21. Rad1 Qa7 22. Rf6 {og svart er sjanseløs - de svarte brikkene mangler
fullstendig koordinasjon}) 20... Kb7 (20... Nf5 {er bedre, men ikke godt nok
til å kunne kjempe om remis}) 21. d4 Qd6 22. Rf6 Qd8 23. Qf3+ Kc8 24. Qa8# 1-0

[Event "Høstturneringen 2017"]
[Site "Ås, Akershus NOR"]
[Date "2017.10.26"]
[Round "6"]
[White "Olsen, Trygve"]
[Black "Heien, Aksel"]
[Result "1-0"]
[WhiteElo "1271"]
[BlackElo "955"]
[Annotator "Lea, Per"]
[PlyCount "71"]
[EventDate "2017.08.31"]

1. f4 {Dette kan vi etter hvert begynne å omtale som "Olsenåpningen" - hadde
det ikke vært for at folk utenfor klubben kanskje vil assossiere den med en
viss bandeleder... Ulempen fra hvits side, er at svart kan spille "hva som
helst" uten å få problemer.} e6 ({De friskeste av oss prøver å få inn denne
svindelen, men den fungerer nok kun i lynsjakk:} 1... e5 2. fxe5 d6 3. exd6
Bxd6 4. Nf3 g5 5. Nc3 ({Til og med} 5. h3 {har vært spilt, men ingen
hvitspillere vil innrømme at de har gjort det.}) 5... g4 6. Nd4 Qh4+ 7. g3
Qxg3+ ({Bare feiginger og mammadalter vil finne på å spille} 7... Bxg3+ 8. hxg3
Qxg3#) 8. hxg3 Bxg3#) 2. Nf3 ({Her kunne hvit også spilt} 2. e4 {og håpet på}
c5 {med overgang til Grand Prix-angrepet i Siciliansk.}) 2... d5 3. d4 Nf6 4.
e3 Bd6 5. Be2 ({Nesten "alle" spiller} 5. Bd3 {i denne stillingen. De fleste
har kommet dit via trekkomkastninger sammenlignet med dette partiet.}) 5... Ne4
{Springeren sto mer enn godt nok på f6.} ({Hva er galt med trekk som} 5... O-O)
({eller} 5... c5) 6. O-O c5 7. c3 Nc6 8. Nbd2 h6 $2 9. Nxe4 $1 dxe4 10. Nd2 f5
{Den eneste måten å gardere bonden på, men det koster rokaderetten.} 11. Bh5+
Kf8 12. b3 {Litt slapt} ({Bedre} 12. dxc5 Bxc5 13. Nc4 Be7 14. b4 b5 15. Qxd8+
Bxd8 16. Nd6) 12... Qh4 $2 (12... cxd4 13. cxd4 Ne7 14. Nc4 g6 15. Be2 Nd5 {og
hvits fordel er minimal}) 13. Nc4 Bc7 14. Bd2 (14. Ba3 {utnytter den uheldige
bindinga av c-bonden}) 14... b5 15. Be1 {Svarts dronning står ikke så godt på
h4, så hvorfor true den bort?} (15. Na3 a6 (15... cxd4 16. Nxb5 Ba5 17. exd4
Qd8) 16. dxc5 Kg8 17. Nc2 {er enda bedre}) 15... Qf6 16. Ne5 Nxe5 17. dxe5 {
Slag med feil bonde, men press i en halv-åpen f-linje (hvor svarts konge
befinner seg) bør vel være bedre enn en d-linje hvor det ikke går an å komme
inn på: svart dekker feltene d7 og d8.} Qe7 18. Qe2 Rg8 19. Qxb5 (19. Bg6 {for
å hindre frammarsj med g-bonden (som aldri kom), var sterkere.}) 19... Rb8 20.
Qc4 Rb6 21. Rf2 Ba6 22. Qa4 g6 23. Be2 Bxe2 24. Rxe2 a6 25. b4 cxb4 26. cxb4
Kf7 27. Rd1 Rd8 28. Red2 Kg8 $4 ({Etter} 28... Rxd2 29. Rxd2 Rxb4 {har svart
nesten utliknet}) 29. Rxd8+ (29. Rd7 {er drepende selv om kongen har rømt
sjuenderaden}) 29... Bxd8 30. Rd7 Qf8 31. Qd1 Rb8 32. a3 Ra8 33. Qa4 Be7 34.
Qc6 Kf7 35. Bh4 Qe8 (35... Re8 {gir litt mer mening, men svart er uansett
bundet på hender og føtter.}) 36. Rxe7+ {Nå blir det store materielle tap og
forsert matt i høyst 10 trekk} 1-0